| 000 | 00734cab a2200241 4500 | ||
|---|---|---|---|
| 001 | ABS52535 | ||
| 008 | 090401t1995 xxu||||| |||| 00| 0 eng d | ||
| 035 | _a(Sirsi) u83668 | ||
| 041 | _aeng | ||
| 100 | _aKing, V. | ||
| 245 | _aOpen all hours | ||
| 260 | _c1995 | ||
| 350 | _a0 | ||
| 490 |
_aEstates Gazette _v(9513) 1 April 1995, 126-127(2) |
||
| 520 | _aDiscusses the market and legal implications of unrestricted trading hours, and Sunday shopping, on the law of `keep open` covenants in the retail sector. | ||
| 650 | _aKEEP OPEN COVENANTS | ||
| 650 | _aSUNDAY TRADING | ||
| 650 | _aTRADING HOURS | ||
| 690 | _aLANDLORD AND TENANT-BUSINESS TENANCIES | ||
| 700 | _aWright, M. | ||
| 942 | _n0 | ||
| 948 | _c04/03/1997 | ||
| 999 |
_c52829 _d52829 |
||